[Event "Madrid San Viator op 20th"]
[Site "Madrid"]
[Date "2013.06.09"]
[Round "9"]
[White "Brasa Olmos, Joaquin"]
[Black "Gomez Dorado, Ernesto"]
[Result "0-1"]
[WhiteElo "1542"]
[BlackElo "1769"]
[PlyCount "70"]
[EventDate "2013.04.07"]
[EventType "swiss"]
[EventRounds "9"]
[EventCountry "ESP"]
[SourceTitle "EXT 2014"]
[Source "ChessBase"]
[SourceDate "2013.11.20"]
[SourceVersion "1"]
[SourceVersionDate "2013.11.20"]
[SourceQuality "1"]

1. d4 Nf6 2. c4 c5 3. e3 cxd4 4. exd4 d5 5. Nc3 g6 6. Nf3 Bg7 7. Qc2 0-0 8. b3 Nc6 9. Ba3 dxc4 10. Bxc4 Nxd4 11. Nxd4 Qxd4 12. 0-0 Bf5 13. Nb5 Qxa1 14. Bxf7+ Rxf7 15. Qe2 Bd3 16. Qxd3 Qe5 17. Nd4 Ng4 18. Nf3 Rxf3 19. Qc4+ Rf7 20. Qxg4 Qf5 21. Qc4 Rc8 22. Qe2 Rc2 23. Qe3 b6 24. Bxe7 Qd7 25. Bh4 Bd4 26. Qe4 Rxa2 27. h3 Ra1 28. Qa8+ Rf8 29. Qe4 Rxf1+ 30. Kxf1 Bc5 31. g4 Qd1+ 32. Kg2 Qxb3 33. f4 Qb2+ 34. Kf1 Qc1+ 35. Kg2 Qg1+ 0-1

[Event "Madrid San Viator op 20th"]
[Site "Madrid"]
[Date "2013.05.12"]
[Round "5"]
[White "Gonzalez Mateos, Rafael"]
[Black "Gomez Dorado, Ernesto"]
[Result "1-0"]
[WhiteElo "2110"]
[BlackElo "1769"]
[PlyCount "58"]
[EventDate "2013.04.07"]
[EventType "swiss"]
[EventRounds "9"]
[EventCountry "ESP"]
[SourceTitle "EXT 2014"]
[Source "ChessBase"]
[SourceDate "2013.11.20"]
[SourceVersion "1"]
[SourceVersionDate "2013.11.20"]
[SourceQuality "1"]

1. d4 Nf6 2. c3 g6 3. Bg5 Bg7 4. Nd2 0-0 5. e4 d6 6. f4 d5 7. e5 Ng4 8. f5 Bxf5 9. h3 Nh6 10. Qb3 b6 11. Ngf3 f6 12. Bf4 Nf7 13. 0-0-0 c5 14. dxc5 fxe5 15. Be3 d4 16. Bc4 dxe3 17. Bxf7+ Rxf7 18. Nc4 Qc7 19. Ng5 e2 20. Rd2 Bh6 21. Nxe5 e6 22. Nexf7 Qxf7 23. Nxf7 Kxf7 24. Re1 Nc6 25. Rexe2 Na5 26. Qb5 Rd8 27. Kd1 Bxd2 28. Rxd2 Rd5 29. Rxd5 exd5 1-0

[Event "Madrid San Viator op 20th"]
[Site "Madrid"]
[Date "2013.04.14"]
[Round "2"]
[White "Acuna Celada, Ivan"]
[Black "Gomez Dorado, Ernesto"]
[Result "1/2-1/2"]
[WhiteElo "2159"]
[BlackElo "1769"]
[PlyCount "125"]
[EventDate "2013.04.07"]
[EventType "swiss"]
[EventRounds "9"]
[EventCountry "ESP"]
[SourceTitle "EXT 2014"]
[Source "ChessBase"]
[SourceDate "2013.11.20"]
[SourceVersion "1"]
[SourceVersionDate "2013.11.20"]
[SourceQuality "1"]

1. e4 c5 2. Nf3 d6 3. d4 cxd4 4. Nxd4 Nf6 5. Nc3 a6 6. Be3 Ng4 7. Bg5 h6 8. Bh4 g5 9. Bg3 Bg7 10. h3 Ne5 11. Be2 Nbc6 12. Nb3 Be6 13. Nd5 Ng6 14. c3 Rc8 15. 0-0 Nce5 16. Nd4 Bxd5 17. exd5 Qd7 18. Bh5 Rc5 19. Qb3 0-0 20. Rae1 Nc4 21. Nf3 Nge5 22. Nxe5 Nxe5 23. Rd1 b5 24. f4 Nc4 25. Bf2 Rc7 26. fxg5 hxg5 27. Bd4 Ne5 28. Qc2 f5 29. Qd2 Bf6 30. Qf2 Bg7 31. Qd2 Bf6 32. Rf2 Nc4 33. Qc1 Bxd4 34. Rxd4 f4 35. Bg4 Qe8 36. Qc2 Rf6 37. Be6+ Kg7 38. Qe2 Qg6 39. h4 gxh4 40. Rdxf4 Ne5 41. Rxh4 Rc4 42. Rxc4 bxc4 43. Rxf6 exf6 44. a3 Qb1+ 45. Kh2 Qh7+ 46. Bh3 Qd3 47. Qh5 Qxd5 48. Qe8 Qd2 49. Qe7+ Nf7 50. Be6 Qf4+ 51. Kg1 Qe3+ 52. Kh1 Qe1+ 53. Kh2 Qh4+ 54. Bh3 Qf4+ 55. Kg1 Qc1+ 56. Kh2 Qf4+ 57. Kg1 Qc1+ 58. Kf2 Qxb2+ 59. Qe2 Qxc3 60. Qg4+ Ng5 61. Qd7+ Kh6 62. Bf5 Qd4+ 63. Kf1 1/2-1/2

[Event "Madrid San Viator op 18th"]
[Site "Madrid"]
[Date "2012.05.20"]
[Round "7"]
[White "Garcia Sanjuan, Jose"]
[Black "Gomez Dorado, Ernesto"]
[Result "0-1"]
[WhiteElo "1894"]
[BlackElo "1648"]
[PlyCount "62"]
[EventDate "2012.03.25"]
[EventType "swiss"]
[EventRounds "9"]
[EventCountry "ESP"]
[SourceTitle "EXT 2013"]
[Source "ChessBase"]
[SourceDate "2012.11.22"]
[SourceVersion "1"]
[SourceVersionDate "2012.11.22"]
[SourceQuality "1"]

1. b3 e5 2. Bb2 Nc6 3. g3 Nf6 4. Bg2 d5 5. Nf3 e4 6. Nd4 Nxd4 7. Bxd4 Be7 8. h3 Be6 9. d3 Qd7 10. Nd2 exd3 11. exd3 0-0 12. Qf3 c5 13. Be5 b5 14. Rd1 Rad8 15. g4 Ne8 16. 0-0 f5 17. Qg3 Bd6 18. Bxd6 Nxd6 19. Nf3 fxg4 20. Ne5 Qc8 21. hxg4 Nf7 22. Nxf7 Rxf7 23. g5 Rdf8 24. Rde1 Rf4 25. Qe3 Bg4 26. Bxd5+ Kh8 27. Bg2 Bf3 28. Bxf3 Rxf3 29. Qe6 Qd8 30. Re5 Qd4 31. Re2 Rg3+ 0-1

[Event "Madrid San Viator op 18th"]
[Site "Madrid"]
[Date "2012.05.06"]
[Round "5"]
[White "Julian Serra, Rogelio"]
[Black "Gomez Dorado, Ernesto"]
[Result "1-0"]
[WhiteElo "2042"]
[BlackElo "1648"]
[PlyCount "93"]
[EventDate "2012.03.25"]
[EventType "swiss"]
[EventRounds "9"]
[EventCountry "ESP"]
[SourceTitle "EXT 2013"]
[Source "ChessBase"]
[SourceDate "2012.11.22"]
[SourceVersion "1"]
[SourceVersionDate "2012.11.22"]
[SourceQuality "1"]

1. c4 e5 2. g3 Nc6 3. Bg2 Bc5 4. Nc3 a6 5. d3 d6 6. Nf3 Ba7 7. Nd5 Nge7 8. Bd2 Nxd5 9. cxd5 Ne7 10. Qb3 0-0 11. Rc1 c6 12. e4 cxd5 13. exd5 Qb6 14. Qxb6 Bxb6 15. Bb4 Rd8 16. Nd2 Bf5 17. Be4 Bd4 18. b3 b5 19. 0-0 a5 20. Rc7 axb4 21. Rxe7 Bh3 22. Bg2 Bxg2 23. Kxg2 Rxa2 24. Nf3 Bc5 25. Ng5 h6 26. Ne4 f5 27. Nxc5 dxc5 28. Rxe5 Rd2 29. Rc1 Rxd3 30. Rxc5 Rxb3 31. Rxb5 Rd3 32. Rxf5 b3 33. Rf3 R3xd5 34. Rbxb3 R8d7 35. h4 h5 36. Rf4 Kh7 37. Rbf3 g6 38. Rf7+ Rxf7 39. Rxf7+ Kh6 40. Kf3 Ra5 41. Re7 Rb5 42. Ke3 Ra5 43. f3 Rb5 44. g4 hxg4 45. fxg4 Rb4 46. Kf3 Ra4 47. g5+ 1-0

[Event "Madrid San Viator op 16th"]
[Site "Madrid"]
[Date "2011.05.15"]
[Round "7"]
[White "Gomez Dorado, Ernesto"]
[Black "Sarabia Utrilla, Joaquin"]
[Result "1-0"]
[WhiteElo "1533"]
[BlackElo "1845"]
[PlyCount "67"]
[EventDate "2011.03.27"]
[EventType "swiss"]
[EventRounds "9"]
[EventCountry "ESP"]
[SourceTitle "EXT 2012"]
[Source "ChessBase"]
[SourceDate "2011.11.24"]
[SourceVersion "1"]
[SourceVersionDate "2011.11.24"]
[SourceQuality "1"]

1. e4 e5 2. Nf3 Nf6 3. Nxe5 Nxe4 4. Qe2 Qe7 5. Qxe4 d6 6. d4 dxe5 7. dxe5 Nd7 8. Bf4 f6 9. Nc3 c6 10. exf6 Nxf6 11. Qxe7+ Bxe7 12. 0-0-0 0-0 13. Bc4+ Kh8 14. a3 Ng4 15. Bg3 Nxf2 16. Bxf2 Rxf2 17. Rhe1 Bg5+ 18. Kb1 Bg4 19. Ne4 Rf4 20. Nxg5 Rxc4 21. Rd2 Rf8 22. Nf7+ Kg8 23. Nd6 Rcf4 24. h3 Bh5 25. Nxb7 Rf2 26. Rxf2 Rxf2 27. Re5 Bg6 28. Rc5 Bf7 29. b4 Rxg2 30. Rxc6 Bd5 31. Rc7 Rg3 32. Nd6 g5 33. Rc8+ Kg7 34. Nf5+ 1-0

[Event "Pan American-ch Amateur"]
[Site "Cali"]
[Date "2010.11.??"]
[Round "5"]
[White "Gomez Dorado, Ernesto"]
[Black "Trujillo Urriago, Karen Jo"]
[Result "0-1"]
[WhiteElo "1533"]
[BlackElo "1572"]
[PlyCount "98"]
[EventDate "2010.11.16"]
[EventType "swiss"]
[EventRounds "9"]
[EventCountry "COL"]
[SourceTitle "EXT 2024"]
[Source "ChessBase"]
[SourceDate "2023.10.10"]
[SourceVersion "1"]
[SourceVersionDate "2023.10.10"]
[SourceQuality "1"]

1. e4 e5 2. d3 Nc6 3. Nf3 Nf6 4. Bg5 d6 5. Be2 Be7 6. Nc3 0-0 7. 0-0 a6 8. d4 exd4 9. Nxd4 Nxd4 10. Qxd4 c5 11. Qd2 Ng4 12. Bxe7 Qxe7 13. Rad1 Rd8 14. Qf4 Nf6 15. Rd2 b5 16. Bf3 Bb7 17. Rfd1 Ne8 18. Nd5 Qf8 19. Bg4 Bxd5 20. exd5 Nf6 21. Bf3 Re8 22. g4 Re5 23. g5 Nd7 24. Re2 Rae8 25. Rde1 a5 26. h4 a4 27. b3 axb3 28. axb3 Nb6 29. Rxe5 Rxe5 30. Rxe5 dxe5 31. Qxe5 Nd7 32. Qc7 Qe7 33. Kf1 Qe8 34. Be2 Ne5 35. Bxb5 Qxb5+ 36. c4 Qe8 37. Qxc5 Nf3 38. b4 Qe1+ 39. Kg2 Nxh4+ 40. Kg3 Nf5+ 41. Kf3 g6 42. d6 Qd1+ 43. Kg2 Nxd6 44. b5 Qg4+ 45. Kf1 Nxc4 46. b6 Qh3+ 47. Kg1 Nd2 48. f4 Qg4+ 49. Kh1 Nf3 0-1

[Event "Pan American-ch Amateur"]
[Site "Cali"]
[Date "2010.11.??"]
[Round "9"]
[White "Gomez Dorado, Ernesto"]
[Black "Villamil, Nahum Jose"]
[Result "0-1"]
[WhiteElo "1533"]
[BlackElo "1800"]
[PlyCount "72"]
[EventDate "2010.11.16"]
[EventType "swiss"]
[EventRounds "9"]
[EventCountry "COL"]
[SourceTitle "EXT 2024"]
[Source "ChessBase"]
[SourceDate "2023.10.10"]
[SourceVersion "1"]
[SourceVersionDate "2023.10.10"]
[SourceQuality "1"]

1. d4 Nf6 2. c4 g6 3. Nc3 Bg7 4. e4 d6 5. Nf3 0-0 6. Be2 Nbd7 7. b4 e5 8. 0-0 exd4 9. Nxd4 c5 10. bxc5 dxc5 11. Nf3 Nxe4 12. Nxe4 Bxa1 13. Bg5 f6 14. Qd5+ Kg7 15. Rxa1 fxg5 16. Nexg5 Qf6 17. Rd1 Nb6 18. Qxc5 Kh8 19. Qc7 Qg7 20. Qg3 Bf5 21. Nd4 Rad8 22. Nxf5 Rxd1+ 23. Bxd1 Rxf5 24. Ne6 Qd7 25. Qc3+ Kg8 26. Bb3 Qxe6 27. c5 Nd5 28. Qd2 Re5 29. Kf1 Kg7 30. f4 Rf5 31. g3 Qa6+ 32. Kg1 Nf6 33. Qd8 Qe2 34. Qc7+ Kh6 35. Qd6 Ng4 36. Qd4 Ne3 0-1

[Event "Pan American-ch Amateur"]
[Site "Cali"]
[Date "2010.11.??"]
[Round "4"]
[White "Jaramillo Ochoa, Mateo"]
[Black "Gomez Dorado, Ernesto"]
[Result "1-0"]
[WhiteElo "1955"]
[BlackElo "1533"]
[PlyCount "77"]
[EventDate "2010.11.16"]
[EventType "swiss"]
[EventRounds "9"]
[EventCountry "COL"]
[SourceTitle "EXT 2024"]
[Source "ChessBase"]
[SourceDate "2023.10.10"]
[SourceVersion "1"]
[SourceVersionDate "2023.10.10"]
[SourceQuality "1"]

1. e4 c5 2. Nf3 e6 3. d4 cxd4 4. Nxd4 a6 5. Bd3 Bc5 6. Nb3 Ba7 7. 0-0 d6 8. Nc3 Nf6 9. Qe2 Nc6 10. Be3 Ne5 11. Bxa7 Rxa7 12. a4 0-0 13. Qe3 Ra8 14. f3 Bd7 15. Rad1 Qe8 16. a5 Rc8 17. Be2 Qe7 18. f4 Nc4 19. Bxc4 Rxc4 20. Qd3 Rc6 21. e5 Ne8 22. Ne4 d5 23. Ng5 g6 24. Nd4 Rc8 25. Ngf3 Nc7 26. g4 Nb5 27. Kh1 Qb4 28. f5 exf5 29. gxf5 Nxd4 30. Nxd4 Rfe8 31. e6 fxe6 32. fxg6 e5 33. gxh7+ Kh8 34. Qg6 Rf8 35. Rf7 Rxf7 36. Qxf7 Qf8 37. Qxd7 exd4 38. Qxd5 Qg7 39. Rg1 1-0